000 005320000a22001690004500
090 _aAR
_b03241
245 1 0 _aDoes heterogeneity hinder or facilitate collective management of common pool resources?
500 _a<Valoración y equidad>
650 1 4 _aTeoría política
_996813
650 1 4 _aManejo colectivo de los recursos
_996814
650 1 4 _aConservación
_992401
650 1 4 _aAcción participativa
_995567
041 0 _aInglés
100 1 _aRuttan, Lore M.
_996815
942 _cARTICULO
773 1 _tPreprint
_33
_q1-11
_d2000
999 _c12295
_d12295